Návrh zefektívnenia revízno-technickej služby v ŽOS Trnava, a. s. : Diplomová práca

Gespeichert in:
Bibliographische Detailangaben
1. Verfasser: Nižňan, Tomáš (Verfasst von)
Weitere Verfasser: Burcl, Rudolf, 1933- (xxx)
Format: Manuskript Buch
Sprache:Slowakisch
Veröffentlicht: Trnava : STU v Bratislave MtF KMK, 2002
Schlagworte:
Tags: Tag hinzufügen
Keine Tags, Fügen Sie das erste Tag hinzu!

MARC

LEADER 00000ntm a22000003a 4500
001 stu77290
005 20160719155040.8
008 020923s2002----xo------------------slo-d
040 |a STU  |b slo 
041 0 |a slo 
044 |a xo 
100 1 |a Nižňan, Tomáš  |4 aut 
245 1 |a Návrh zefektívnenia revízno-technickej služby v ŽOS Trnava, a. s. :  |b Diplomová práca 
260 |a Trnava :  |b STU v Bratislave MtF KMK,  |c 2002 
300 |a 63 s  |c abstr. + príl. 
650 7 |a revízno-technické služby  |2 stusub 
650 7 |a priemyselné inžinierstvo  |2 stusub 
700 1 |a Burcl, Rudolf,  |d 1933-  |4 xxx  |u M190  |U MTF Materiálovotechnologická fakulta  |T MTF Katedra priemyselného inžinierstva a manažmentu  |X 1534  |U M190  |Y 167  |7 A000001534